Giáo trình máy bơm và trạm bơm (Dùng trong các trường THCN)
Nội dung giáo trình bao gồm 3 phần: phần I gồm 5 chương về máy bơm; phần II gồm 5 chương về trạm bơm; phần III là bài tập và thực hành.
Guardat en:
| Autor principal: | |
|---|---|
| Format: | Llibre |
| Idioma: | Undetermined |
| Publicat: |
Hà Nội
Nhà xuất bản Hà Nội
2007
|
| Matèries: | |
| Etiquetes: |
Afegir etiqueta
Sense etiquetes, Sigues el primer a etiquetar aquest registre!
|
| Thư viện lưu trữ: | Trung tâm Học liệu Trường Đại học Cần Thơ |
|---|
| LEADER | 00912nam a2200229Ia 4500 | ||
|---|---|---|---|
| 001 | CTU_142692 | ||
| 008 | 210402s9999 xx 000 0 und d | ||
| 020 | |c 51000 | ||
| 082 | |a 621.6 | ||
| 082 | |b H309 | ||
| 100 | |a Nguyễn, Văn Hiệu | ||
| 245 | 0 | |a Giáo trình máy bơm và trạm bơm | |
| 245 | 0 | |b (Dùng trong các trường THCN) | |
| 245 | 0 | |c Nguyễn Văn Hiệu | |
| 260 | |a Hà Nội | ||
| 260 | |b Nhà xuất bản Hà Nội | ||
| 260 | |c 2007 | ||
| 520 | |a Nội dung giáo trình bao gồm 3 phần: phần I gồm 5 chương về máy bơm; phần II gồm 5 chương về trạm bơm; phần III là bài tập và thực hành. | ||
| 650 | |a Pumping machine,Máy bơm | ||
| 650 | |x Equipment and supplies,Trang thiết bị | ||
| 904 | |i Duy Bằng | ||
| 980 | |a Trung tâm Học liệu Trường Đại học Cần Thơ | ||